| 000 | 00530nam a2200133Ia 4500 | ||
|---|---|---|---|
| 008 | 231221s9999 xx 000 0 und d | ||
| 020 | _a978-1-4419-9801-9 | ||
| 041 | _aEnglish | ||
| 100 | _aBrandon C. Gegg, C. Steve Suh, Albert C. J. Luo | ||
| 245 | 0 | _aMachine Tool Vibrations and Cutting Dynamics | |
| 260 |
_c2011 _bSpringer New York _aNew York |
||
| 650 | _aControl, Robotics, Mechatronics; Electronics and Microelectronics, Instrumentation; Nanotechnology and Microengineering; Manufacturing, Machines, Tools | ||
| 942 | _cEB | ||
| 999 |
_c226623 _d226623 |
||